Les enquêtes participatives en débat : (Record no. 12657)

000 -LEADER
fixed length control field 00636cam a22002174a 4500
020 ## - INTERNATIONAL STANDARD BOOK NUMBER
ISBN 2845861168
040 ## - CATALOGING SOURCE
Transcribing agency DLC
082 00 - DEWEY DECIMAL CLASSIFICATION NUMBER
Classification number 630 ICR 2000 A042 Or.
245 04 - TITLE STATEMENT
Title Les enquêtes participatives en débat :
Remainder of title ambition, pratiques et enjeux /
260 ## - PUBLICATION, DISTRIBUTION, ETC. (IMPRINT)
Place of publication Paris :
Name of publisher GRET :
-- Karthala ;
Place of publication Montpellier :
Name of publisher ICRA,
Year of publication c2000.
300 ## - PHYSICAL DESCRIPTION
Number of Pages 543 p. :
Other physical details ill. ;
Dimensions 24 cm.
490 1# - SERIES STATEMENT
Series statement Economie et développement
650 #0 - SUBJECT ADDED ENTRY--TOPICAL TERM
Topical Term Agriculture
650 #0 - SUBJECT ADDED ENTRY--TOPICAL TERM
Topical Term Agriculture
650 #0 - SUBJECT ADDED ENTRY--TOPICAL TERM
Topical Term Agriculture
650 #0 - SUBJECT ADDED ENTRY--TOPICAL TERM
Topical Term Agriculture
700 1# - ADDED ENTRY--PERSONAL NAME
Personal name Lavigne Delville, Philippe.
700 1# - ADDED ENTRY--PERSONAL NAME
Personal name Sellamna, Nour-Eddine.
700 1# - ADDED ENTRY--PERSONAL NAME
Personal name Mathieu, Marilou.
942 ## - ADDED ENTRY ELEMENTS (KOHA)
Koha item type សៀវភៅភាសាបារាំង
952 ## - LOCATION AND ITEM INFORMATION (KOHA)
Withdrawn status [LOCAL, KOHA] 0
Holdings
Permanent Location Date acquired Koha item type Lost status Shelving location Barcode Current Location Full call number
Library Block A2017-08-16សៀវភៅភាសាបារាំង A051A07396Library Block A630 ICR 2000 A051 Or.
មជ្ឈមណ្ឌលឯការនៃសាកលវិទ្យាល័យភូមិន្ទកសិកម្មចំការដូង

Powered by Koha